Corporate growth through mergers and acquisitions / (Record no. 346202)
[ view plain ]
| 000 -LEADER | |
|---|---|
| fixed length control field | 01525 a2200277 4500 |
| 003 - CONTROL NUMBER IDENTIFIER | |
| control field | OSt |
| 005 - DATE AND TIME OF LATEST TRANSACTION | |
| control field | 20180116182810.0 |
| 008 - FIXED-LENGTH DATA ELEMENTS--GENERAL INFORMATION | |
| fixed length control field | 160830b xxu||||| |||| 00| 0 eng d |
| 020 ## - INTERNATIONAL STANDARD BOOK NUMBER | |
| International Standard Book Number | 0761992162 |
| 020 ## - INTERNATIONAL STANDARD BOOK NUMBER | |
| International Standard Book Number | 9780761992165 |
| 040 ## - CATALOGING SOURCE | |
| Transcribing agency | 0 |
| 082 04 - DEWEY DECIMAL CLASSIFICATION NUMBER | |
| Classification number | 338.830954 RAM 1998 |
| 100 1# - MAIN ENTRY--PERSONAL NAME | |
| Personal name | Ramu, S Shiva. |
| 245 10 - TITLE STATEMENT | |
| Title | Corporate growth through mergers and acquisitions / |
| Statement of responsibility, etc. | S.Shiva Ramu. |
| 250 ## - EDITION STATEMENT | |
| Edition statement | illustrated edition ed. |
| 260 ## - PUBLICATION, DISTRIBUTION, ETC. | |
| Place of publication, distribution, etc. | New Delhi |
| Name of publisher, distributor, etc. | Sage Publications Pvt. Ltd, |
| Date of publication, distribution, etc. | 1998. |
| 300 ## - PHYSICAL DESCRIPTION | |
| Extent | 299 p. ; |
| Dimensions | 22 cm. |
| Other physical details | photo copy |
| 440 ## - SERIES STATEMENT/ADDED ENTRY--TITLE | |
| Title | Corporate growth through mergers and acquisitions |
| 490 1# - SERIES STATEMENT | |
| Series statement | Response books. |
| 500 ## - GENERAL NOTE | |
| General note | Hardcover. |
| 520 ## - SUMMARY, ETC. | |
| Summary, etc. | This book provides a comprehensive overview of the concept and practice of mergers and acquisitions (M&A), especially in India, through examples and case studies. The various processes involved in M&A are dealt with: the motivation to merge or acquire; the identification of target companies; and the financial and non-financial issues involved; the legal framework under which such activities take place; and planning for integration and evaluating performance after merger. In addition, the book focuses on emerging trends and likely future directions in India's corporate world. |
| 830 #0 - SERIES ADDED ENTRY--UNIFORM TITLE | |
| Uniform title | Response books. |
| 856 40 - ELECTRONIC LOCATION AND ACCESS | |
| Materials specified | Amazon.com |
| Uniform Resource Identifier | <a href="http://www.amazon.com/exec/obidos/ASIN/0761992162/chopaconline-20">http://www.amazon.com/exec/obidos/ASIN/0761992162/chopaconline-20</a> |
| 856 40 - ELECTRONIC LOCATION AND ACCESS | |
| Materials specified | Amazon customer reviews |
| Uniform Resource Identifier | <a href="http://www.chopac.org/cgi-bin/tools/azrev.pl?q=0761992162">http://www.chopac.org/cgi-bin/tools/azrev.pl?q=0761992162</a> |
| 942 ## - ADDED ENTRY ELEMENTS (KOHA) | |
| Institution code [OBSOLETE] | NBS |
| Koha item type | Book |
| Call number prefix | 338.830954 RAM 1998 |
| Source of classification or shelving scheme | |
| Withdrawn status | Lost status | Damaged status | Not for loan | Permanent Location | Current Location | Date acquired | Total Checkouts | Full call number | Barcode | Date last seen | Date last checked out | Price effective from | Koha item type | Source of classification or shelving scheme | Collection code | Shelving location |
|---|---|---|---|---|---|---|---|---|---|---|---|---|---|---|---|---|
| Central Library (CL) | Central Library (CL) | 08/28/2013 | 1 | 338.830954 RAM | NBS5663 | 11/22/2017 | 08/15/2017 | 08/28/2013 | Book | |||||||
| Central Library (CL) | Central Library (CL) | 08/30/2016 | 1 | 338.830954 RAM 1998 | NBSP-174 | 11/22/2017 | 08/15/2017 | 08/30/2016 | Book | General Stacks | ||||||
| Central Library (CL) | Central Library (CL) | 09/23/2016 | 1 | 338.830954 RAM 1998 | NBSP-176 | 11/22/2017 | 08/10/2017 | 09/23/2016 | Book | General Stacks | ||||||
| Central Library (CL) | Central Library (CL) | 09/23/2016 | 1 | 338.830954 RAM 1998 | NBSP-175 | 11/22/2017 | 08/15/2017 | 09/23/2016 | Book | General Stacks |
